Watford FC Squad 2023-2024 - Statistics

General Stats
  • This quiz has been taken 37 times
  • The average score is 19 of 27
Answer Stats
# Position Nation Player % Correct
1 GK Austria Daniel Bachmann
89%
12 FW Sweden Ken Sema
89%
- Coach England Tom Cleverley
89%
4 DF Netherlands Wesley Hoedt
89%
10 MF Morocco Imrân Louza
86%
7 FW England Tom Ince
86%
25 FW Nigeria Emmanuel Dennis
82%
19 FW Ivory Coast Vakoun Bayo
82%
39 MF DR Congo Edo Kayembe
79%
3 DF Chile Francisco Sierralta
79%
5 DF Scotland Ryan Porteous
79%
11 MF Canada Ismaël Koné
75%
34 FW Germany Kwadwo Baah
71%
45 DF England Ryan Andrews
71%
26 GK England Ben Hamer
68%
16 MF Georgia Giorgi Chakvetadze
68%
8 MF England Jake Livermore
68%
6 DF Northern Ireland Jamal Lewis
68%
2 DF DR Congo Jeremy Ngakia
68%
15 DF England Mattie Pollock
68%
18 MF Colombia Yáser Asprilla
68%
9 FW Denmark Mileta Rajović
64%
- Coach France Valérien Ismaël
64%
42 DF England James Morris
57%
37 FW Brazil Matheus Martins
57%
24 MF Nigeria Tom Dele-Bashiru
54%
14 FW England Rhys Healey
21%
No matching quizzes found
Score Distribution
Percent of People with Each Score
Percentile by Number Answered
Your Score History
You have not taken this quiz